00707nam a2200241Ia 4500003000900000008004100009040001300050040001300063041000800076100001400084100000800098245003500106250001100141260002100152260000900173300001100182300001000193490004700203490000600250942000700256999001700263952018500280IT-RoPAU120407s9999 xx 000 0 und d aIT-RoPAU cIT-RoPAU aita aAmbrosius csan aInni. Trad. di Bonato Antonio. aMilano aEdizioni Paoline c1992 a379 p. c20 cm aLetture cristiane del primo millennio, 12 v1 cBK c33715d33715 00102ddc406276_22000000000000071aPAULUSbPAULUSd2012-04-11l0o276.22r2012-04-11 00:00:00w2012-04-11yBKzInserito da: Anna In data: n.d. fondo: Via A.Severo 56 Progr:15395